| 000 | 01798nam a22002177a 4500 | ||
|---|---|---|---|
| 003 | IT-MiCISF | ||
| 005 | 20200605154323.0 | ||
| 008 | 200605b ||||| |||| 00| 0 eng d | ||
| 040 | _cIT-MiCISF | ||
| 041 | _ait | ||
| 100 |
_aLickona Thomas _958157 |
||
| 245 |
_aCome crescere bambini gentili _bInsegnare il rispetto e la gratitudine per creare una famiglia felice |
||
| 260 |
_aMilano _bMondadori _c2019 |
||
| 300 | _app. 319 | ||
| 500 | _agenitorialità, educazione-bambini, valori, progetto | ||
| 520 | _aIn un mondo come quello di oggi, dominato dalla competizione e così carico di rabbia e ostilità, insegnare la gentilezza a un bambino può sembrare in controtendenza. Eppure secondo l’autore, psicologo dello sviluppo di fama mondiale, è l'unico modo per crescere bimbi davvero felici. «Voi genitori siete “allenatori del carattere”. Come ogni buon allenatore, dovrete far emergere il meglio nei vostri figli e aiutarli a esprimere il loro pieno potenziale. Dovete spiegare come fare la cosa giusta anche quando è difficile, aiutarli a imparare dai loro sbagli e a riconoscere le situazioni in cui probabilmente non hanno resistito alle pressioni esercitate dai coetanei. Bisogna farli diventare consapevoli del fatto che spesso non è facile essere delle brave persone e fare ciò che è giusto, ma che non esiste altro modo per essere davvero felici». Con esempi concreti, il volume intende aiutare i genitori a dare e ricevere rispetto, a organizzare riunioni in famiglia per affrontare i problemi, a fronteggiare rivalità tra fratelli, a impartire la disciplina in un modo che rafforzi il carattere e a migliorare le dinamiche delle relazioni con i figli. | ||
| 650 |
_agenitorialità _956044 |
||
| 654 | _asaggio | ||
| 700 |
_app. 319 _958158 |
||
| 942 |
_2ddc _cBK |
||
| 999 |
_c358630 _d358630 |
||